[Event "Teresina Piauiense-ch"]
[Site "Teresina"]
[Date "2019.10.18"]
[Round "4"]
[White "Silva, Ramon Domingos Cunh"]
[Black "Lima Filho, Jose Pacifico"]
[Result "1-0"]
[WhiteElo "1849"]
[BlackElo "1763"]
[PlyCount "65"]
[EventDate "2019.10.11"]
[EventType "tourn"]
[EventRounds "9"]
[EventCountry "BRA"]
[SourceTitle "CBM 192 Extra"]
[Source "Chessbase"]
[SourceDate "2019.11.06"]
[SourceVersion "1"]
[SourceVersionDate "2019.11.06"]
[SourceQuality "1"]

1. d4 d5 2. c4 c6 3. e3 Nf6 4. Nc3 Bf5 5. Bd3 Bxd3 6. Qxd3 Nbd7 7. Nf3 e6 8. 0-0 Be7 9. b3 0-0 10. Re1 Bb4 11. Bd2 Qe7 12. Ne2 Bd6 13. Nc3 Rad8 14. e4 dxe4 15. Nxe4 Nxe4 16. Qxe4 Nf6 17. Qe2 Rfe8 18. Bg5 h6 19. Bh4 Bb4 20. Red1 c5 21. d5 g5 22. d6 Rxd6 23. Rxd6 Qxd6 24. Bg3 Qe7 25. Be5 Nd7 26. Bb2 Ba5 27. Ne5 Bc7 28. Ng4 Kh7 29. Qd3+ f5 30. Qxd7 fxg4 31. Qd3+ Kg8 32. Qg6+ Kf8 33. Qxh6+ 1-0

[Event "Teresina-ch"]
[Site "Teresina"]
[Date "2019.03.16"]
[Round "3.7"]
[White "Silva, Ramon Domingos Cunh"]
[Black "Luz, Christian Oliveira"]
[Result "1-0"]
[WhiteElo "1891"]
[BlackElo "1305"]
[PlyCount "63"]
[EventDate "2019.03.15"]
[EventType "swiss"]
[EventRounds "5"]
[EventCountry "BRA"]
[SourceTitle "EXT 2022"]
[Source "ChessBase"]
[SourceDate "2021.10.06"]
[SourceVersion "1"]
[SourceVersionDate "2021.10.06"]
[SourceQuality "1"]

1. d4 d5 2. c4 e6 3. e3 c5 4. Nf3 Nf6 5. Nc3 Nc6 6. a3 a5 7. cxd5 exd5 8. dxc5 Bxc5 9. h3 0-0 10. Be2 h6 11. 0-0 Be6 12. Qc2 Qd7 13. Nb5 Bb6 14. b3 Rac8 15. Qd1 Na7 16. Nbd4 Nc6 17. Bb2 Bc7 18. Nxe6 Qxe6 19. Bxf6 gxf6 20. Qd2 f5 21. Nh4 Bd8 22. Nf3 Bc7 23. Bd3 Ne5 24. Nxe5 Qxe5 25. f4 Qe6 26. Rf3 f6 27. Qb2 Bb6 28. Re1 d4 29. Bc4 Rxc4 30. bxc4 dxe3 31. Kh1 e2 32. c5 1-0

[Event "Teresina-ch"]
[Site "Teresina"]
[Date "2019.03.15"]
[Round "1.9"]
[White "Silva, Ramon Domingos Cunh"]
[Black "De Franca Filho, Raimundo Luiz"]
[Result "1-0"]
[WhiteElo "1891"]
[BlackElo "1369"]
[PlyCount "55"]
[EventDate "2019.03.15"]
[EventType "swiss"]
[EventRounds "5"]
[EventCountry "BRA"]
[SourceTitle "EXT 2022"]
[Source "ChessBase"]
[SourceDate "2021.10.06"]
[SourceVersion "1"]
[SourceVersionDate "2021.10.06"]
[SourceQuality "1"]

1. d4 d5 2. c4 e6 3. e3 Nf6 4. Nc3 a6 5. Nf3 Nc6 6. a3 Be7 7. Qc2 0-0 8. Bd3 g6 9. 0-0 Bd6 10. b4 Ne7 11. c5 Bxh2+ 12. Nxh2 c6 13. Bb2 Qc7 14. e4 Qf4 15. Bc1 Qc7 16. e5 Ne4 17. Bxe4 dxe4 18. Nxe4 Nf5 19. Be3 Rd8 20. Rad1 b6 21. Nd6 a5 22. Nf3 Ba6 23. Rfe1 bxc5 24. dxc5 axb4 25. axb4 Bb5 26. Qd2 Ba4 27. Rb1 Qe7 28. Bg5 1-0